• 首页
  • 本馆介绍
  • 公告通知
  • 最新文献
  • 馆藏检索
  • 电子资源
  • 读者导购
  • 参考咨询
  • 我的图书馆
  • 登录
  • 详细信息显示
  • 放入我的书架
  • 预约/预借图书
  • 作者相关作品
  • 分类相关作品
  • 丛书相关作品
  • 出版社相关作品

书目信息

  • 表格格式
  • 工作单格式
  • 卡片格式
题名:
新的文化发展观
    
 
作者: 韩永进 著
分册:  
出版信息: 北京   文化艺术出版社  2006
页数: 209页
开本: 23cm
丛书名:
单 册:
中图分类: G122-53
科图分类:
主题词: 文化--中国--文集 , 文化
电子资源:
ISBN: 7-5039-2995-2
000 00895nam0 2200229 450
001 1252045202
005 20121005142806.00
010    @a7-5039-2995-2@dCNY22.00
100    @a20060919d2006 em y0chiy50 ea
101 0  @achi
102    @aCN@b110000
105    @ay z 000yy
200 1  @a新的文化发展观@Axin de wen hua fa zhan guan@f韩永进著
210    @a北京@c文化艺术出版社@d2006
215    @a209页@d23cm
330    @a本书是作者进入新世纪以来撰写的关于文化方面论文汇编。其中,有在中央提出牢固树立新的文化发展观后,第一次全面系统论述新的文化发展观的文章——《新的文化发展观》,有第一次尝试运用马克思主义基本原理,从学理角度探讨社会主义先进文化与社会主义市场经济怎样结合的文章——《一项艰巨的历史使命》等。
606 0  @a文化@y中国@j文集
606 0  @a文化
690    @aG122-53@v4
701  0 @a韩永进@Ahan yong jin@f(1958~)@4著
801  0 @aCN@bNLC@c20101222
905    @a10447@dG122-53@eJY31
    
    新的文化发展观/韩永进著.-北京:文化艺术出版社,2006
    209页;23cm
    
    
    ISBN 7-5039-2995-2:CNY22.00
    本书是作者进入新世纪以来撰写的关于文化方面论文汇编。其中,有在中央提出牢固树立新的文化发展观后,第一次全面系统论述新的文化发展观的文章——《新的文化发展观》,有第一次尝试运用马克思主义基本原理,从学理角度探讨社会主义先进文化与社会主义市场经济怎样结合的文章——《一项艰巨的历史使命》等。
●
相关链接 在E读中查询图书 在五车中查询图书 在当当中查询图书 在豆瓣中查询图书


正题名:新的文化发展观     索取号:G122-53/JY31         预约/预借

序号 登录号 条形码 馆藏地/架位号 状态 备注
1 7814459   278144599   学院路分馆/ [索取号:G122-53/JY31] 在馆    
2 7814460   278144606   学院路分馆/ [索取号:G122-53/JY31] 在馆    
唐山师范学院图书馆 欢迎您!
大连网信软件有限公司© 版权所有